Statistics for Western Australia Trivia

Click here to take the quiz!

General Stats

  • This quiz has been taken 134 times
    (103 since last reset)
  • The average score is 10 of 19

Answer Stats

HintAnswer% Correct
State capitalPerth
99%
Type of swan native to Western Australia and also found on its flag{Black} Swan
77%
Iconic actor of "The Dark Knight" and "Brokeback Mountain"Heath Ledger
72%
If Western Australia was a country, it would have been world's second
largest producer of this metal
Iron
69%
Animal on the southwestern coast that resembles a tiny, furry kangarooQuokka
68%
Western Australia is world's second ______ subdivisionLargest
67%
Body of water Western Australia borders in the southeastern coastGreat Australian {Bight}
65%
Long fence with the namesake of a 2002 movie{Rabbit}-{Proof} Fence
64%
Name one of the two biggest cities in northern Western AustraliaKarratha | Broome
62%
About 194,163 of the residents where born in this "country"England
62%
Resort island with significant population of the aboveRottnest Island
56%
Name one of the two largest deserts that cover the eastern parts
of Western Australia
Great Victoria |
Great Sandy
53%
Sea that is located between Western Australia and East TimorTimor Sea
46%
Second most populous cityBunbury
40%
Main export of Australia after the aboveOil
35%
Australian slang for someone from Western AustraliaSandgroper
31%
State nicknameThe {Wild}flower State
27%
State nicknameThe {Golden} State
26%
Western Australia is about the same size as this countryKazakhstan
19%

Score Distribution

Percentile by Number Answered

Percent of People with Each Score

Your Score History

You have not taken this quiz since the last reset